| 000 | 00512nam a2200145 4500 | ||
|---|---|---|---|
| 999 |
_c1829 _d1829 |
||
| 020 | _a0750636998 | ||
| 050 | _aT58.64.F86 | ||
| 100 | _aFunes, Mariana, Johnson, Nancy | ||
| 245 | _aHoning Your Knowledge skills | ||
| 260 |
_aOxford _bButternworth Heineman _c1998 |
||
| 300 | _a196p. | ||
| 500 | _aIncludes Bibliography | ||
| 505 | _a1. Why become an expert knowledge manager 2. Knowledge and experts 3. Gathering data for effective knowledge working 4. Creating frameworks when knowledge working | ||
| 942 | _cBK | ||